• 首页
  • 本馆介绍
  • 公告通知
  • 最新文献
  • 馆藏检索
  • 电子资源
  • 读者导购
  • 参考咨询
  • 我的图书馆
  • 登录
  • 详细信息显示
  • 放入我的书架
  • 预约/预借图书
  • 作者相关作品
  • 分类相关作品
  • 丛书相关作品
  • 出版社相关作品

书目信息

  • 表格格式
  • 工作单格式
  • 卡片格式
题名:
放射化学实验教程
    
 
作者: 巴拉诺夫 , A.H.涅斯米扬诺夫 , В·И·巴拉诺夫 编
分册:  
出版信息: 北京   化学工业出版社  1959
页数: 397页
开本: 20cm
丛书名:
单 册:
中图分类: O615-33
科图分类:
主题词: 无机化学
电子资源:
ISBN:
000 00767nam0 2200229 450
001 0659960670
005 20060811092755.25
010    @dCNY1.80
100    @a20060725d1959 km y0chiy0120 ea
101 0  @achi@crus
102    @aCN@b110000
102    @aCN@b110000
200 1  @a放射化学实验教程@Afang she hua xue shi yan jiao cheng@f(苏)A.H.涅斯米扬诺夫,В·И·巴拉诺夫等编@F(su)A.H.nie si mi yang nuo fu,В·И·ba la nuo fu deng bian
210    @a北京@c化学工业出版社@d1959
215    @a397页@d20cm
606 0  @a无机化学
690    @aO615-33@v3
701  0 @a巴拉诺夫@Aba la nuo fu@4编
701  0 @aA.H.涅斯米扬诺夫@AA.H.nie si mi yang nuo fu@4编
701  0 @aВ·И·巴拉诺夫@AВ·И·ba la nuo fu@4编
801  0 @aCN@bPFT@c20060811
905    @a10447@dO615-33@e7
    
    放射化学实验教程/(苏)A.H.涅斯米扬诺夫,В·И·巴拉诺夫等编.-北京:化学工业出版社,1959
    397页;20cm
    
    
    ISBN :CNY1.80
    
●
相关链接 在E读中查询图书 在五车中查询图书 在当当中查询图书 在豆瓣中查询图书


正题名:放射化学实验教程     索取号:O615-33/7         预约/预借

序号 登录号 条形码 馆藏地/架位号 状态 备注
1 0016602   000349750   第二样本阅览室/ [索取号:O615-33/7] 在馆    
2 0454117   204541175   密集书库/ [索取号:O615-33/7] 在馆    
唐山师范学院图书馆 欢迎您!
大连网信软件有限公司© 版权所有